Lignes Réflex - Poitiers - Statistiques

Statistiques générales
  • Ce quiz a été pris 14 fois
  • Le résultat moyen est 27 sur 112
Statistiques - réponses
% Correct
Poitiers Sud
78%
Notre Dame
67%
Place Lepetit
67%
Stade
67%
Futuroscope LPI
56%
Beaulieu
44%
Blossac
44%
Buxerolles Mairie
44%
Descartes
44%
Galeries Sud
44%
Gare Viaduc
44%
Les Portes du Futur
44%
Marché de Gros
44%
Milétrie Patis
44%
Rabelais
44%
Université
44%
Victor Hugo
44%
Voie Malraux
44%
Avenue de Nantes
33%
Bel Air
33%
Carnot
33%
Centre Hospitalier
33%
Cité U
33%
Gare Passerelle
33%
Gare Pont Achard
33%
Lavoisier
33%
Les Glières
33%
Les Glycines
33%
Lycée du Bois d'Amour
33%
Maison des Étudiants
33%
République 1
33%
Camille Guérin
22%
Clos Gaultier
22%
CPAM
22%
Europe
22%
Gare Grand Cerf
22%
Grand Pont
22%
La Chaussée
22%
La Fayette
22%
La Roche
22%
Le Mail
22%
Marbourg
22%
Molière
22%
Mozart
22%
Palais des Congrès
22%
Parc Expo
22%
Paul Blet
22%
Pont Achard
22%
Pont Autoroute
22%
Pont le Nain
22%
Rhin-Danube
22%
Rondy
22%
Rosiers
22%
Téléport 2
22%
Téléport 4
22%
Torchaise
22%
Touffenet
22%
Vaudouzil
22%
1ère Avenue
11%
Aristide Briand
11%
Aulnes
11%
Avenue de l'Europe
11%
Charles de Gaulle
11%
Fief de Grimoire
11%
François Mitterrand
11%
Grand Maison
11%
Gustave Eiffel
11%
Jean Moulin
11%
Jeunes Sourds
11%
La Pépinière
11%
Le Relais
11%
Les Cours
11%
Les Landes
11%
Les Sables
11%
Les Temps Modernes
11%
Magenta
11%
Maria Pia
11%
Nimègue
11%
Northampton
11%
Parc de Loisirs
11%
Patinoire
11%
Paul Rébeilleau
11%
Paul Verlaine
11%
Pôle Technologique
11%
Pontreau
11%
Pont Saint Cyprien
11%
Porte de la Madeleine
11%
Rue du Commerce
11%
Saint Cyprien
11%
Saint Gervais
11%
Tour Jean Bernard
11%
Trois Bourdons
11%
Verdun
11%
Alfred de Vigny
0%
Allée de la Détente
0%
Bois Doucet
0%
Place Mozart
0%
La Saulaie
0%
La Souche
0%
Les Bizais
0%
Rue du Bois d'Amour
0%
Serge Rouault
0%
Vélodrome
0%
Aucun quiz correspondant
Distribution des résultats
% des personnes avec chaque résultat
Percentile par nombre de réponses
Votre historique - résultats
Vous n’avez pas pris ce quiz